| 000 | 00641nam a2200241Ia 4500 | ||
|---|---|---|---|
| 003 | OSt | ||
| 005 | 20220926013323.0 | ||
| 006 | a|||||r|||| 00| 0 | ||
| 007 | ta | ||
| 008 | 220923b |||||||| |||| 00| 0 eng d | ||
| 037 | _cGeneral Book | ||
| 040 |
_aRTL _cRTL _beng |
||
| 041 |
_2eng _aeng |
||
| 082 | _aB21, K6 | ||
| 100 |
_aNichols Eugene D _9318108 |
||
| 245 | 0 | _aElementary algebra | |
| 260 |
_aNew York _bHolt Rinehart _c1966 |
||
| 300 |
_aix,466p. _ccm. |
||
| 500 | _aBib chapterwise; Glossary P 451-56 | ||
| 650 | _aAlgebra | ||
| 942 |
_hB21, K6 _cGB _2CC |
||
| 999 |
_c625705 _d625705 |
||